La formación de profesores: perspectiva y experiencias
Guardat en:
| Autors principals: | , |
|---|---|
| Format: | Llibre |
| Idioma: | espanyol |
| Publicat: |
Santiago
Santillana
1999
|
| Col·lecció: | Colección Aula XXI
|
| Matèries: | |
| Etiquetes: |
Afegir etiqueta
Sense etiquetes, Sigues el primer a etiquetar aquest registre!
|
MARC
| LEADER | 00000nam a2200000 a 4500 | ||
|---|---|---|---|
| 001 | UCP6135 | ||
| 003 | CL-VaPUC | ||
| 008 | 991008e19990000CL |||||||||||||||||spa|d | ||
| 082 | 0 | 4 | |a 370.71 |b AVA |2 21 |
| 100 | 0 | |a Avalos Davidson, Beatrice |e author |9 435004 | |
| 700 | 0 | |a Nordenflycht, María Eugenia |e author |9 435005 | |
| 245 | 1 | 3 | |a La formación de profesores: perspectiva y experiencias |
| 300 | |a 216 p | ||
| 942 | |c BK | ||
| 945 | |d 19991008 00:00:00 |a vberengu | ||
| 260 | |a Santiago |b Santillana |c 1999 | ||
| 650 | 0 | |a Docentes |9 311365 | |
| 650 | 0 | |a Formación profesional de profesores |9 307493 | |
| 650 | 7 | |a FORMACION DE PROFESIONALES |2 CL-VaPUC |9 382872 | |
| 583 | |a last modification |c 19991008 00:00:00 |k Rodrigo Vera | ||
| 490 | 0 | |a Colección Aula XXI | |
| 999 | |c 283751 |d 283749 | ||
| 952 | |0 0 |1 0 |4 0 |6 370_710000000000000_AVA_1999 |7 0 |8 A |9 327176 |a BIBEDU |b BIBEDU |c ES_NOD |d 2019-11-20 |i 3567397 |o 370.71 AVA 1999 |p 3567397 |r 2023-08-09 |w 2019-11-20 |y BK |k EPE | ||
| 952 | |0 0 |1 0 |4 0 |6 370_710000000000000_AVA_1999 |7 0 |8 A |9 327177 |a BIBGIM |b BIBGIM |d 2019-11-20 |i 3717097 |o 370.71 AVA 1999 |p 3717097 |r 2025-01-15 |w 2019-11-20 |y BK |k GIM | ||
| 952 | |0 0 |1 0 |4 0 |6 370_710000000000000_AVA_1999 |7 0 |8 A |9 327178 |a BIBHIS |b BIBHIS |d 2019-11-20 |i 3717100 |o 370.71 AVA 1999 |p 3717100 |r 2025-01-20 |w 2019-11-20 |y BK |k HIS | ||
| 952 | |0 0 |1 0 |4 0 |6 370_710000000000000_AVA_1999 |7 0 |8 A |9 327179 |a BIBCUR |b BIBCUR |d 2019-11-20 |i 3717119 |o 370.71 AVA 1999 |p 3717119 |r 2025-04-22 |w 2019-11-20 |y BK |k BCB | ||
| 952 | |0 0 |1 0 |4 0 |6 370_710000000000000_AVA_1999 |7 0 |8 A |9 327180 |a BIBEDU |b BIBEDU |c ES_NOD |d 2019-11-20 |i 3717127 |o 370.71 AVA 1999 |p 3717127 |r 2023-08-09 |w 2019-11-20 |y BK |k BME | ||
| 952 | |0 0 |1 0 |4 0 |6 370_710000000000000_AVA_1999 |7 0 |8 A |9 327181 |a BIBEDU |b BIBEDU |c ES_NOD |d 2019-11-20 |i 3717135 |o 370.71 AVA 1999 |p 3717135 |r 2023-08-09 |w 2019-11-20 |y BK |k BME | ||
| 952 | |0 0 |1 0 |4 0 |6 370_710000000000000_AVA_1999 |7 0 |8 A |9 327182 |a BIBEDU |b BIBEDU |c ES_NOD |d 2019-11-20 |i 3717151 |o 370.71 AVA 1999 |p 3717151 |r 2023-08-09 |w 2019-11-20 |y BK |k BME | ||
| 952 | |0 0 |1 0 |4 0 |6 370_710000000000000_AVA_1999 |7 0 |8 A |9 327183 |a BIBCUR |b BIBCUR |d 2019-11-20 |i 3717143 |o 370.71 AVA 1999 |p 3717143 |r 2025-04-22 |w 2019-11-20 |y BK |k BCB | ||